|
|
|
|
| LEADER |
00000nlm0a2200000 4500 |
| 001 |
151603 |
| 005 |
20231219144232.0 |
| 035 |
|
|
|a (RuTPU)RU\TPU\book\164371
|
| 090 |
|
|
|a 151603
|
| 100 |
|
|
|a 20090126d2008 k y0rusy50 ca
|
| 101 |
0 |
|
|a rus
|
| 102 |
|
|
|a RU
|
| 105 |
|
|
|a a dm 001zy
|
| 135 |
|
|
|a drbn ---uucaa
|
| 181 |
|
0 |
|a i
|
| 182 |
|
0 |
|a b
|
| 200 |
1 |
|
|a Изучение истории поступления радионуклидов в окружающую среду на основе F-радиографического анализа годичных колец деревьев (на примере Красноярского края и Центральной Европы)
|e автореферат диссертации на соискание ученой степени кандидата геолого-минералогических наук
|e спец. 25.00.36
|f Ю. Л. Замятина
|g Томский политехнический университет (ТПУ), Институт геологии и нефтегазового дела (ИГНД) ; науч. рук. Л. П. Рихванов
|
| 203 |
|
|
|a Текст
|c электронный
|
| 210 |
|
|
|a Томск
|c [Б. и.]
|d 2008
|
| 215 |
|
|
|a 1 файл (598Kb)
|
| 300 |
|
|
|a Заглавие с титульного экрана
|
| 300 |
|
|
|a Электронная версия печатной публикации
|
| 337 |
|
|
|a Adobe Reader
|
| 452 |
|
1 |
|0 (RuTPU)RU\TPU\book\162512
|t Изучение истории поступления радионуклидов в окружающую среду на основе F-радиографического анализа годичных колец деревьев (на примере Красноярского края и Центральной Европы)
|o автореферат диссертации на соискание ученой степени кандидата геолого-минералогических наук
|o спец. 25.00.36
|f Ю. Л. Замятина
|g Томский политехнический университет (ТПУ), Институт геологии и нефтегазового дела (ИГНД) ; науч. рук. Л. П. Рихванов
|c Томск
|n Б.и.
|d 2008
|p 26 с.
|a Замятина, Юлия Леонидовна
|
| 606 |
1 |
|
|a Радиоэкологические исследования
|2 stltpush
|3 (RuTPU)RU\TPU\subj\23335
|9 47948
|
| 610 |
1 |
|
|a радионуклиды
|
| 610 |
1 |
|
|a окружающая среда
|
| 610 |
1 |
|
|a древесные растения
|
| 610 |
1 |
|
|a эколого-биотехнологические основы
|
| 610 |
1 |
|
|a индикаторы
|
| 610 |
1 |
|
|a накопление
|
| 610 |
1 |
|
|a радиографический контроль
|
| 610 |
1 |
|
|a Красноярский край
|
| 610 |
1 |
|
|a Чехия
|
| 610 |
1 |
|
|a делящиеся радионуклиды
|
| 610 |
1 |
|
|a фоновый уровень
|
| 610 |
1 |
|
|a оценка
|
| 610 |
1 |
|
|a хвойные деревья
|
| 610 |
1 |
|
|a урановые месторождения
|
| 610 |
1 |
|
|a подземные ядерные взрывы
|
| 610 |
1 |
|
|a аварии
|
| 610 |
1 |
|
|a территории
|
| 610 |
1 |
|
|a авторефераты диссертаций
|
| 610 |
1 |
|
|a труды учёных ТПУ
|
| 610 |
1 |
|
|a электронный ресурс
|
| 675 |
|
|
|a 577.346:574(04)
|v 3
|
| 686 |
|
|
|a 25.00.36
|2 oksvnk
|
| 700 |
|
1 |
|a Замятина
|b Ю. Л.
|c российский радиоэколог
|c доцент Томского политехнического университета, кандидат геолого-минералогических наук
|f 1979-
|g Юлия Леонидовна
|3 (RuTPU)RU\TPU\pers\25712
|9 11621
|
| 702 |
|
1 |
|a Рихванов
|b Л. П.
|c российский ученый, геолог
|c профессор Томского политехнического университета, доктор геолого-минералогических наук
|c заслуженный геолог РФ
|c почетный работник высшего образования РФ
|f 1945-
|g Леонид Петрович
|3 (RuTPU)RU\TPU\pers\23187
|4 727
|
| 712 |
0 |
2 |
|a Томский политехнический университет (ТПУ)
|b Институт геологии и нефтегазового дела (ИГНД)
|3 (RuTPU)RU\TPU\col\601
|
| 801 |
|
1 |
|a RU
|b 63413507
|c 20090126
|g PSBO
|
| 801 |
|
2 |
|a RU
|b 63413507
|c 20100327
|g RCR
|
| 856 |
4 |
|
|u http://www.lib.tpu.ru/fulltext/a/2009/10.pdf
|
| 942 |
|
|
|c CF
|